El Consejo de Seguridad Nacional

Guardado en:
Bibliografiske detaljer
Format: Texto
Udgivet: s.l.: s.e.
Tags: Tilføj Tag
Ingen Tags, Vær først til at tagge denne postø!

MARC

LEADER 00000 a a2200000 04500
001 22451
003
040
090 |a 153000  
245 |a El Consejo de Seguridad Nacional  
260 |a s.l.:   |b s.e.  
300 |a p. irreg.  
999 |c 3517  |d 3517